Statistics for The Human Body by letter - C

Click here to take the quiz!

General Stats

  • This quiz has been taken 635 times
    (628 since last reset)
  • The average score is 10 of 15

Answer Stats

Hint Answer % Correct
Your Butt and Your Face have two of theseCheeks
92%
The Back of the Lower LegCalf
85%
Another name for the SkullCranium
84%
The Last Vertebra, the Tail BoneCoccyx
82%
The Clavicle's common English nameCollarbone
81%
The Smallest Blood VesselsCapillaries
78%
Soft Material found in Joints and the NoseCartilage
76%
Building Blocks of Animals and PlantsCells
75%
Teeth between the Incisors and the PremolarsCanines
73%
Body System containing the Heart and Blood VesselsCardiovascular System
72%
Another name for the Large IntestineColon
69%
Largest Part of the Brain, containing the Frontal LobeCerebrum
63%
Cluster of Bones in the wristCarpus
48%
First Part of the Large IntestineCaecum
23%
The Lower Tip of the SkullChin
21%

Score Distribution

Percentile by Number Answered

Percent of People with Each Score

Your Score History

You have not taken this quiz since the last reset